000 00773 a2200229 4500
005 20211105120844.0
008 171115s2013 enk|||||r|||| 00| 0 eng d
020 _a9780582218109
020 _a0582218101
040 _aCO-BoUCM
_bspa
_cSandra Palacio
_dSandra Palacio
041 0 _aeng
100 1 _aWebster, Juliet
_988936
245 1 0 _aShaping women's work
_bGender, employment and information technology
260 _bRoutledge
_c2013
_aOxon (Oxfordshire, Inglaterra)
300 _a222 páginas
490 0 _aLongman sociology series
650 1 7 _919882
_aMujeres
_xEmpleo
650 2 7 _919882
_aMujeres
_xTecnología
650 2 7 _aMujeres en la tecnología
_988054
942 _cLIBRO
_2DEWEY
_a5
_e1
_h306.3615
_mW381sw
999 _c307694
_d307694